| 000 | 00664nam a22002057a 4500 | ||
|---|---|---|---|
| 999 |
_c14140 _d14140 |
||
| 003 | AR-CdUCM | ||
| 008 | 190422b ||||| |||| 00| 0 spa d | ||
| 020 | _a8487039170 | ||
| 040 |
_aMUNICIPALIDAD PROVINCIAL DEL CUSCO _cBIBLIOTECA MUNICIPAL DEL CUSCO |
||
| 082 |
_aC / 869.521 / _bG26 |
||
| 100 |
_aGarcilaffo inga de la Vega _932809 |
||
| 245 | _aLa tradvzion del indio de los tres diálogos de amor de Leon Hebreo / | ||
| 260 |
_aSevilla : _bPadilla, _c1989. |
||
| 300 |
_a343 páginas ; _c25 cm. |
||
| 650 |
_avirreinato. _96280 |
||
| 650 |
_aLeon Hebreo. _930444 |
||
| 650 |
_aGarcilaso de la Vega. _961 |
||
| 942 |
_2ddc _cLIBROS |
||
| 945 |
_awfj _d2019-04-22 |
||